Statistics for Countries Furthest from Antipodes Islands

Click here to take the quiz!

General Stats

  • This quiz has been taken 30 times
  • The average score is 19 of 20

Answer Stats

miAnswerkm% Correct
12375United Kingdom19917
100%
11930Andorra19200
97%
12247Belgium19709
97%
12435France20012
97%
12100Germany19473
97%
12156Ireland19563
97%
11856Monaco19081
97%
11735Norway18886
97%
11992Spain19299
97%
12123Luxembourg19150
93%
12202Netherlands19638
93%
11824Portugal19029
93%
11720Sweden18862
93%
11918Austria19181
90%
11841Czech Republic19056
90%
11973Italy19268
90%
11718Poland18858
90%
12034Switzerland19368
90%
11885Denmark19127
86%
11912Liechtenstein19171
83%

Score Distribution

Percentile by Number Answered

Percent of People with Each Score

Your Score History

You have not taken this quiz